[Event "10eme Open International de La Fere"]
[Site "La Fere (FRA)"]
[Date "2011.07.04"]
[Round "3.34"]
[White "Rouffignac, Marie"]
[Black "Menjour, Mohamed"]
[Result "1-0"]
[WhiteElo "1568"]
[BlackElo "1770"]
[PlyCount "35"]
[EventDate "2011.??.??"]

1. e4 e5 2. Nf3 Nf6 3. Nxe5 Qe7 4. d4 Nxe4 5. Qe2 d5 6. Nd2 Bf5 7. Nxe4 Bxe4 8.
f3 Bf5 9. Bf4 c6 10. O-O-O Be6 11. Qd2 Nd7 12. Bd3 Nf6 13. g4 h6 14. h4 O-O-O
15. Qa5 Qc7 16. Qxc7+ Kxc7 17. Nxf7+ Bd6 18. Bxd6+ 1-0

[Event "10eme Open International de La Fere"]
[Site "La Fere (FRA)"]
[Date "2011.07.04"]
[Round "3.35"]
[White "Soriano, Jean-Claude"]
[Black "Brobecker, Alain"]
[Result "0-1"]
[WhiteElo "1560"]
[BlackElo "1757"]
[PlyCount "60"]
[EventDate "2011.??.??"]

1. d4 Nf6 2. Nf3 g6 3. Nbd2 Bg7 4. e4 d6 5. c3 O-O 6. Bd3 e5 7. Qc2 Nc6 8. O-O
exd4 9. Nxd4 Bd7 10. Nxc6 Bxc6 11. Nf3 Re8 12. Re1 d5 13. Bg5 dxe4 14. Bxf6
Qxd3 15. Qxd3 exd3 16. Bxg7 Kxg7 17. Rad1 Bxf3 18. gxf3 Rxe1+ 19. Rxe1 c5 20.
c4 Rd8 21. Rd1 a6 22. Kf1 b5 23. cxb5 axb5 24. Ke1 Re8+ 25. Kd2 Re2+ 26. Kxd3
Rxb2 27. Rd2 c4+ 28. Kc3 Rxd2 29. Kxd2 Kf6 30. Kc3 Kf5 0-1

[Event "10eme Open International de La Fere"]
[Site "La Fere (FRA)"]
[Date "2011.07.04"]
[Round "3.36"]
[White "Gaudin, Roger"]
[Black "Wolfangel, Claude"]
[Result "0-1"]
[WhiteElo "1535"]
[BlackElo "1751"]
[PlyCount "56"]
[EventDate "2011.??.??"]

1. d4 d5 2. c4 e6 3. Nc3 Nf6 4. e3 a6 5. a4 c5 6. cxd5 exd5 7. Nge2 Nc6 8. dxc5
Bxc5 9. Nf4 d4 10. exd4 Qxd4 11. Qe2+ Qe5 12. Nfd5 Nxd5 13. Nxd5 O-O 14. Qxe5
Nxe5 15. Be2 Rd8 16. Nc3 Bf5 17. O-O Bd3 18. Bf4 Bxe2 19. Nxe2 Nd3 20. b3 Re8
21. Rad1 Nxf2 22. Rxf2 Rxe2 23. Bg3 Rae8 24. Kf1 Bxf2 25. Bxf2 Rb2 26. Rd3 Rb1+
27. Be1 Rbxe1+ 28. Kf2 g5 0-1

[Event "10eme Open International de La Fere"]
[Site "La Fere (FRA)"]
[Date "2011.07.04"]
[Round "3.37"]
[White "Dagnicourt, Francis"]
[Black "Brugge, Rodolphe"]
[Result "1-0"]
[WhiteElo "1729"]
[BlackElo "1440"]
[PlyCount "53"]
[EventDate "2011.??.??"]

1. d4 d5 2. c4 e6 3. Nf3 Nc6 4. e3 Nf6 5. Bd3 Bb4+ 6. Bd2 Bxd2+ 7. Nbxd2 O-O 8.
O-O a6 9. a3 Rb8 10. b4 b5 11. cxb5 axb5 12. Nb3 Re8 13. Qc2 Bd7 14. Nc5 e5 15.
dxe5 Nxe5 16. Nxe5 Rxe5 17. Rac1 Bc6 18. Nb3 Re6 19. Nd4 Rd6 20. Nxc6 Rxc6 21.
Qxc6 Ne8 22. Rfd1 Rb6 23. Qc2 Rh6 24. Qe2 Qh4 25. h3 Qg5 26. Qg4 Qxg4 27. hxg4
1-0

[Event "10eme Open International de La Fere"]
[Site "La Fere (FRA)"]
[Date "2011.07.04"]
[Round "3.38"]
[White "Duquenne, Eddy"]
[Black "Biniaux, Michael"]
[Result "0-1"]
[WhiteElo "1523"]
[BlackElo "1720"]
[PlyCount "58"]
[EventDate "2011.??.??"]

1. e4 d5 2. exd5 Qxd5 3. Nf3 Nf6 4. d4 c6 5. Nc3 Qa5 6. Be2 Bg4 7. O-O Qc7 8.
Re1 e6 9. Bg5 Bd6 10. Ne5 Bxe2 11. Qxe2 Nbd7 12. Rad1 O-O 13. h3 Rae8 14. Bf4
Nd5 15. Bc1 N7b6 16. Qg4 f6 17. Nd3 Nxc3 18. bxc3 e5 19. Nc5 Qf7 20. Nb3 f5 21.
Qh4 e4 22. Bf4 Be7 23. Bg5 Bxg5 24. Qxg5 f4 25. Qc5 Qg6 26. Nd2 f3 27. g3 Nd5
28. Nf1 Nf4 29. Kh2 Ng2 0-1

[Event "10eme Open International de La Fere"]
[Site "La Fere (FRA)"]
[Date "2011.07.04"]
[Round "3.39"]
[White "Pierret, Paul"]
[Black "Paillard, Maximilien"]
[Result "0-1"]
[WhiteElo "1462"]
[BlackElo "1703"]
[PlyCount "116"]
[EventDate "2011.??.??"]

1. d4 e6 2. a3 d5 3. c4 c6 4. e3 Bd6 5. Qg4 g6 6. Qd1 Nd7 7. Nf3 f5 8. c5 Bc7
9. b4 Ngf6 10. h3 Qe7 11. Nc3 Ne4 12. Nxe4 fxe4 13. Nd2 e5 14. Bb2 O-O 15. Qe2
b6 16. cxb6 axb6 17. Rc1 Qf6 18. f3 exd4 19. Bxd4 Qh4+ 20. Kd1 Ba6 21. Nc4 dxc4
22. Rxc4 Be5 23. Qa2 Bxc4 24. Qxc4+ Kg7 25. Qxc6 Rad8 26. Qxe4 Qxe4 27. fxe4
Nf6 28. Bd3 Bxd4 29. exd4 Nxe4 30. Rf1 Rxf1+ 31. Bxf1 Rxd4+ 32. Kc2 Rd2+ 33.
Kb3 Rf2 34. Bd3 Nd6 35. Bc2 Rxg2 36. Bd1 b5 37. Bg4 h5 38. Bd7 Rg3+ 39. Kb2
Nc4+ 40. Kc1 Nxa3 41. Kb2 Nc4+ 42. Kc1 Nd6 43. Kc2 Kf6 44. Kb1 Ke7 45. Bc6 Rxh3
46. Bd5 Nc4 47. Bc6 Kd6 48. Be8 g5 49. Kc1 Kd5 50. Bxb5 Kd4 51. Bd7 Rh2 52. Bc6
Kd3 53. Kb1 Rf2 54. Bb5 Kc3 55. Bd7 Na3+ 56. Ka1 Nc2+ 57. Kb1 Rf1+ 58. Ka2 Ra1#
0-1

[Event "10eme Open International de La Fere"]
[Site "La Fere (FRA)"]
[Date "2011.07.04"]
[Round "3.40"]
[White "Molet, Asher"]
[Black "Remy, Camille"]
[Result "1-0"]
[WhiteElo "1859"]
[BlackElo "1400"]
[PlyCount "69"]
[EventDate "2011.??.??"]

1. d4 d5 2. Nf3 Nf6 3. Bf4 Nc6 4. c3 Bg4 5. Nbd2 e6 6. Qa4 Bd6 7. e3 O-O 8. Bd3
h6 9. O-O a6 10. Qc2 Re8 11. h3 Bxf3 12. Nxf3 Qe7 13. Ne5 Bxe5 14. Bxe5 Nxe5
15. dxe5 Nd7 16. f4 Qh4 17. Qf2 Qxf2+ 18. Rxf2 Nc5 19. Bc2 c6 20. b4 Nd7 21. e4
dxe4 22. Bxe4 a5 23. Rd1 Nb6 24. b5 Rac8 25. bxc6 bxc6 26. Rf3 c5 27. Rd6 Nc4
28. Rd7 Rb8 29. Rfd3 g6 30. Rc7 Rec8 31. Rdd7 Nb6 32. Rxf7 g5 33. Rg7+ Kf8 34.
Rgf7+ Ke8 35. Bg6 1-0

[Event "10eme Open International de La Fere"]
[Site "La Fere (FRA)"]
[Date "2011.07.04"]
[Round "3.41"]
[White "Gomes, Alexis"]
[Black "Huyet, Yannick"]
[Result "0-1"]
[WhiteElo "1710"]
[BlackElo "1629"]
[PlyCount "68"]
[EventDate "2011.??.??"]

1. e4 Nf6 2. e5 Nd5 3. c4 Nb6 4. Nf3 d6 5. d4 g6 6. Bf4 Bg7 7. Nc3 O-O 8. Bd3
Re8 9. O-O a6 10. Re1 N8d7 11. Qc2 Nf8 12. Rad1 Bg4 13. Re3 Ne6 14. Ne2 Nxf4
15. Nxf4 Bxf3 16. Rxf3 dxe5 17. dxe5 Qc8 18. Nxg6 hxg6 19. Bxg6 fxg6 20. Qxg6
Rf8 21. Rg3 Rf7 22. e6 Qf8 23. Rh3 Qe8 24. Qh7+ Kf8 25. exf7 Qxf7 26. c5 Nd5
27. Rf3 Nf6 28. Qh3 Qxa2 29. g4 Qe6 30. Qg3 Kg8 31. g5 Ne4 32. Qf4 Rf8 33. Qe3
Qg4+ 34. Kf1 Rxf3 0-1

[Event "10eme Open International de La Fere"]
[Site "La Fere (FRA)"]
[Date "2011.07.04"]
[Round "3.42"]
[White "Chevance, Gerard"]
[Black "Alloui-Cros, Baptiste"]
[Result "0-1"]
[WhiteElo "1660"]
[BlackElo "1599"]
[PlyCount "102"]
[EventDate "2011.??.??"]

1. Nf3 d5 2. d4 Nf6 3. e3 e6 4. Bd3 c5 5. c3 Nc6 6. O-O Bd6 7. Nbd2 O-O 8. e4
dxe4 9. Nxe4 cxd4 10. cxd4 Nxe4 11. Bxe4 Be7 12. Re1 Qb6 13. Re3 Rd8 14. Rb3
Qc7 15. Bxc6 bxc6 16. Be3 Bb7 17. Bg5 Bxg5 18. Nxg5 Rd5 19. Rg3 Qf4 20. Nf3
Rad8 21. Qd3 Ba8 22. h3 c5 23. Rg4 Qc7 24. Qe3 cxd4 25. Rxd4 Qc2 26. Rxd5 Bxd5
27. Qd4 Qc7 28. Rd1 Qd7 29. b3 Bc6 30. Qxd7 Rxd7 31. Rxd7 Bxd7 32. Nd4 Kf8 33.
Kf1 Ke7 34. Ke2 Kd6 35. Ke3 Kd5 36. Kd3 e5 37. Ne2 Bb5+ 38. Kd2 Bxe2 39. Kxe2
Kc5 40. Kd2 Kb4 41. Kc2 Ka3 42. Kc3 Kxa2 43. Kb4 a5+ 44. Kc4 Kb2 45. f3 g5 46.
g4 Kc2 47. b4 axb4 48. Kxb4 Kd3 49. Kc5 e4 50. fxe4 Kxe4 51. Kd6 f5 0-1

[Event "10eme Open International de La Fere"]
[Site "La Fere (FRA)"]
[Date "2011.07.04"]
[Round "3.44"]
[White "Van Poucke, Anthony"]
[Black "Podvin, Dominique"]
[Result "1-0"]
[WhiteElo "1599"]
[BlackElo "1499"]
[PlyCount "75"]
[EventDate "2011.??.??"]

1. e4 e5 2. Nf3 Nc6 3. Bb5 Nf6 4. O-O Bc5 5. c3 d5 6. Nxe5 O-O 7. Nxc6 bxc6 8.
Bxc6 Rb8 9. d4 Be7 10. Re1 Nxe4 11. Bxd5 Qxd5 12. c4 Qf5 13. f3 Bb7 14. fxe4
Qg6 15. Nc3 Bb4 16. Re3 Rbd8 17. Rg3 Qf6 18. d5 Bc5+ 19. Be3 Bxe3+ 20. Rxe3 Qe5
21. Ne2 Ba6 22. b3 c6 23. Qd4 Rde8 24. Qxe5 Rxe5 25. dxc6 Rc8 26. Nd4 Rd8 27.
Nb5 Bxb5 28. cxb5 Rxb5 29. c7 Rc8 30. Rd3 h6 31. Rd8+ Rxd8 32. cxd8=Q+ Kh7 33.
Qd7 Re5 34. Qxf7 Rxe4 35. Qf5+ Kg8 36. Qxe4 Kh8 37. Rd1 a5 38. Qg6 1-0

[Event "10eme Open International de La Fere"]
[Site "La Fere (FRA)"]
[Date "2011.07.04"]
[Round "3.45"]
[White "Siegfried, Francois"]
[Black "Pruvost, Alain"]
[Result "0-1"]
[WhiteElo "1314"]
[BlackElo "1647"]
[PlyCount "66"]
[EventDate "2011.??.??"]

1. e4 c5 2. Nf3 Qa5 3. Na3 a6 4. c3 b5 5. d4 cxd4 6. Nxd4 Bb7 7. Nb3 Qc7 8. Nd2
e6 9. Be2 Bxa3 10. bxa3 Qxc3 11. Qb3 Qxa1 12. O-O Qf6 13. Bb2 Qh6 14. Qc3 Ne7
15. Bc1 O-O 16. Qg3 Qg6 17. Bb2 Qxg3 18. fxg3 d5 19. Bf3 Nd7 20. Rc1 Rac8 21.
Rd1 Nc5 22. e5 Na4 23. Bd4 Rc2 24. Nb3 Rfc8 25. Na5 Ba8 26. h4 Rc1 27. Be3
Rxd1+ 28. Bxd1 Nc6 29. Nxc6 Rxc6 30. Bf3 Rc2 31. Bd1 Rxa2 32. Bxa4 bxa4 33. Bc5
d4 0-1

[Event "10eme Open International de La Fere"]
[Site "La Fere (FRA)"]
[Date "2011.07.05"]
[Round "5.1"]
[White "Miezis, Normunds"]
[Black "Houriez, Clement"]
[Result "0-1"]
[WhiteElo "2520"]
[BlackElo "2328"]
[PlyCount "112"]
[EventDate "2011.??.??"]

1. c4 c5 2. Nc3 Nc6 3. g3 g6 4. Bg2 Bg7 5. a3 d6 6. Rb1 a5 7. d3 e5 8. Nd5 Be6
9. e3 Nge7 10. Ne2 O-O 11. O-O Rb8 12. Nec3 h6 13. f4 exf4 14. Nxf4 Bf5 15. h3
Na7 16. a4 Nac6 17. Kh1 Nb4 18. e4 Bc8 19. Be3 Nec6 20. Nb5 b6 21. b3 Bb7 22.
d4 cxd4 23. Nxd4 Nxd4 24. Bxd4 Bxd4 25. Qxd4 Qc7 26. Rbd1 Rbd8 27. Qf6 Na6 28.
h4 Nc5 29. Rfe1 Rfe8 30. h5 Qe7 31. e5 Qxf6 32. exf6 g5 33. Nd5 Rxe1+ 34. Rxe1
Bxd5 35. Bxd5 Nd7 36. Rf1 Ne5 37. Kg2 Kf8 38. b4 Ng4 39. Rf3 Re8 40. bxa5 bxa5
41. Bc6 Re2+ 42. Kf1 Re3 43. Rf5 Re5 44. Rxe5 Nxe5 45. Bb5 Ng4 46. Ke2 Nxf6 47.
Kd3 Ke7 48. Kd4 Nxh5 49. Kd5 Nxg3 50. Kc6 Ne4 51. Kb6 Kd8 52. Bc6 f5 53. Kxa5
Kc7 54. Bd5 g4 55. c5 dxc5 56. Bc4 f4 0-1

[Event "10eme Open International de La Fere"]
[Site "La Fere (FRA)"]
[Date "2011.07.05"]
[Round "5.2"]
[White "Lazarev, Vladimir"]
[Black "Jerez Perez, Alfonso"]
[Result "1/2-1/2"]
[WhiteElo "2445"]
[BlackElo "2416"]
[PlyCount "28"]
[EventDate "2011.??.??"]

1. Nf3 Nf6 2. c4 g6 3. Nc3 d5 4. cxd5 Nxd5 5. Qb3 Nb6 6. d4 Bg7 7. Bf4 O-O 8.
e3 Be6 9. Qa3 Nc6 10. Be2 a5 11. Qc5 Nd7 12. Qa3 Nb6 13. Qc5 Nd7 14. Qa3 Nb6
1/2-1/2

[Event "10eme Open International de La Fere"]
[Site "La Fere (FRA)"]
[Date "2011.07.05"]
[Round "5.3"]
[White "Soveaux, Jean"]
[Black "Lobzhanidze, Davit"]
[Result "0-1"]
[WhiteElo "1893"]
[BlackElo "2483"]
[PlyCount "62"]
[EventDate "2011.??.??"]

1. d4 Nf6 2. c4 e6 3. Nc3 Bb4 4. Qc2 O-O 5. Bg5 c5 6. e3 cxd4 7. exd4 d5 8. c5
b6 9. a3 Bxc3+ 10. Qxc3 bxc5 11. dxc5 e5 12. O-O-O Ne4 13. Bxd8 Nxc3 14. bxc3
Rxd8 15. Nf3 f6 16. Bc4 Be6 17. Bb5 a6 18. Ba4 Rc8 19. Kd2 Nd7 20. Bxd7 Bxd7
21. h3 Rxc5 22. Rb1 Rac8 23. Rhc1 Bf5 24. Rb6 d4 25. Nh4 dxc3+ 26. Ke3 Bd7 27.
Rxa6 Rd5 28. g4 c2 29. Nf5 Bxf5 30. gxf5 Rd1 31. Rxc2 Rxc2 0-1

[Event "10eme Open International de La Fere"]
[Site "La Fere (FRA)"]
[Date "2011.07.05"]
[Round "5.4"]
[White "Piankov, Evgenij"]
[Black "Londers, Jan"]
[Result "1/2-1/2"]
[WhiteElo "2327"]
[BlackElo "1877"]
[PlyCount "117"]
[EventDate "2011.??.??"]

1. d4 Nf6 2. Nf3 d5 3. Bf4 c5 4. e3 Nc6 5. c3 Qb6 6. Qb3 c4 7. Qc2 Bf5 8. Qc1
h6 9. h3 e6 10. Be2 Be7 11. O-O O-O 12. Nbd2 Qd8 13. Ne5 Nxe5 14. Bxe5 b5 15.
Bf3 Bd6 16. Bxf6 Qxf6 17. e4 dxe4 18. Nxe4 Bxe4 19. Bxe4 Rab8 20. Qe3 Qf4 21.
Qxf4 Bxf4 22. g3 Bd6 23. b4 e5 24. dxe5 Bxe5 25. Rfc1 Rfd8 26. a4 a6 27. axb5
axb5 28. Rc2 Rb6 29. Kg2 g6 30. f4 Bf6 31. f5 g5 32. Kf3 Rdd6 33. Ra5 Rd1 34.
Ra8+ Kg7 35. Ra7 Rbd6 36. Rb7 Rf1+ 37. Kg2 Re1 38. Kf3 Rf1+ 39. Ke3 Re1+ 40.
Re2 Bxc3 41. Rxe1 Bxe1 42. Rxb5 Bxg3 43. Rc5 Bf4+ 44. Kf3 Rb6 45. b5 c3 46. Bd3
Bd2 47. Rc7 Rd6 48. Ke4 h5 49. Be2 h4 50. Bh5 Rf6 51. Bd1 Rd6 52. Bb3 Rf6 53.
Ra7 Kh6 54. Rb7 g4 55. hxg4 Kg5 56. Kf3 h3 57. Kg3 h2 58. Kxh2 Kxg4 59. Bd1+
1/2-1/2

[Event "10eme Open International de La Fere"]
[Site "La Fere (FRA)"]
[Date "2011.07.05"]
[Round "5.5"]
[White "Feryn, Alexandre"]
[Black "Forthofer, Robert"]
[Result "0-1"]
[WhiteElo "2063"]
[BlackElo "2274"]
[PlyCount "42"]
[EventDate "2011.??.??"]

1. e4 e6 2. d4 d5 3. Nc3 Bb4 4. e5 c5 5. Bd2 Nh6 6. a3 Bxc3 7. Bxc3 Nc6 8. Bb5
Qb6 9. Bxc6+ bxc6 10. b4 cxd4 11. Bxd4 Qc7 12. Nf3 Ba6 13. Bc5 Nf5 14. Qd2 f6
15. g4 Nh4 16. Nd4 fxe5 17. Qg5 Ng2+ 18. Kd1 exd4 19. Bxd4 O-O 20. Rg1 Nf4 21.
Rg3 h6 0-1

[Event "10eme Open International de La Fere"]
[Site "La Fere (FRA)"]
[Date "2011.07.05"]
[Round "5.6"]
[White "Mancini, Mario"]
[Black "Jimenez, Martin"]
[Result "1-0"]
[WhiteElo "2213"]
[BlackElo "1888"]
[PlyCount "75"]
[EventDate "2011.??.??"]

1. d4 d5 2. c4 e6 3. Nf3 b6 4. Nc3 Bb7 5. cxd5 exd5 6. Bf4 Bd6 7. Ne5 Nf6 8. e3
O-O 9. Bb5 a6 10. Ba4 Qe7 11. Nd3 Nbd7 12. O-O Ne4 13. Rc1 Rac8 14. Ne2 c5 15.
Bxd6 Qxd6 16. dxc5 Ndxc5 17. Nd4 Nxd3 18. Qxd3 Nc5 19. Qa3 f5 20. g3 Qf6 21.
Rfd1 Rfd8 22. Bc2 g6 23. Qb4 Rd6 24. Qe1 Ne6 25. Nxe6 Qxe6 26. Bb3 Rxc1 27.
Rxc1 Kg7 28. Rc7+ Rd7 29. Qc3+ Kh6 30. Rxd7 Qxd7 31. Qf6 b5 32. Kf1 a5 33. Ke2
a4 34. Bd1 b4 35. Qf8+ Kg5 36. f4+ Kg4 37. Kf2+ Kh3 38. Qh6# 1-0

[Event "10eme Open International de La Fere"]
[Site "La Fere (FRA)"]
[Date "2011.07.05"]
[Round "5.7"]
[White "Van Wiele, Kurt"]
[Black "Safranska, Anda"]
[Result "0-1"]
[WhiteElo "1806"]
[BlackElo "2230"]
[PlyCount "80"]
[EventDate "2011.??.??"]

1. e4 g6 2. Nc3 Bg7 3. Bc4 e6 4. d3 Ne7 5. h4 d5 6. exd5 exd5 7. Bb3 h5 8. Bg5
c6 9. Qd2 Be6 10. Nh3 Qd7 11. O-O-O Na6 12. a3 Nc7 13. Rde1 b5 14. Kb1 a5 15.
Nf4 O-O 16. f3 Nf5 17. Nce2 a4 18. Ba2 Nd6 19. g4 hxg4 20. h5 f6 21. Nxg6 fxg5
22. h6 Bf6 23. Nxf8 Rxf8 24. Ng3 gxf3 25. h7+ Kh8 26. Nh5 Qf7 27. Ref1 g4 28.
Qf4 Nce8 29. Ng3 Bg7 30. Qd2 Nf6 31. Qh2 Nf5 32. Nxf5 Bxf5 33. Qd6 Qe7 34. Qc5
Re8 35. Qf2 Qd6 36. Re1 Rxe1+ 37. Rxe1 Kxh7 38. Qa7 g3 39. Rh1+ Kg6 40. Rg1 Ng4
0-1

[Event "10eme Open International de La Fere"]
[Site "La Fere (FRA)"]
[Date "2011.07.05"]
[Round "5.8"]
[White "Marchyllie, Bruno"]
[Black "Peric, Slavisa"]
[Result "0-1"]
[WhiteElo "2143"]
[BlackElo "2258"]
[PlyCount "80"]
[EventDate "2011.??.??"]

1. e4 e6 2. d4 d5 3. e5 c5 4. c3 Nc6 5. Nf3 Bd7 6. dxc5 Bxc5 7. Bd3 f6 8. Qe2
fxe5 9. Nxe5 Nxe5 10. Qxe5 Nf6 11. Be3 Bxe3 12. Qxe3 O-O 13. O-O Qc7 14. Nd2 e5
15. h3 b5 16. Rfe1 e4 17. Be2 a5 18. Rac1 Rfe8 19. Nb3 Qe5 20. Nd4 Rab8 21. Rc2
g5 22. a4 bxa4 23. c4 Rb4 24. Rd1 dxc4 25. Bxc4+ Kg7 26. g4 Qf4 27. Qxf4 gxf4
28. Ne2 Rc8 29. g5 Be6 30. gxf6+ Kxf6 31. Bxe6 Rxc2 32. Nxf4 Rbxb2 33. Bg4 Rxf2
34. Nd5+ Ke5 35. Ne3 Kf4 36. Nf1 a3 37. Rd5 Rxf1+ 38. Kxf1 a2 39. Rxa5 Rb1+ 40.
Kf2 e3+ 0-1

[Event "10eme Open International de La Fere"]
[Site "La Fere (FRA)"]
[Date "2011.07.05"]
[Round "5.10"]
[White "Rouffignac, Tanguy"]
[Black "Schroeder, Jan-Christian"]
[Result "0-1"]
[WhiteElo "1964"]
[BlackElo "2164"]
[PlyCount "68"]
[EventDate "2011.??.??"]

1. e4 e5 2. Nc3 Bc5 3. Bc4 Nf6 4. d3 d6 5. Na4 Bb6 6. Nxb6 axb6 7. f4 Be6 8.
Bxe6 fxe6 9. fxe5 dxe5 10. Nf3 Nc6 11. O-O O-O 12. Bg5 Qd6 13. Kh1 Nh5 14. g3
Nf6 15. Qe2 h6 16. Be3 Rf7 17. Nh4 Nd4 18. Qd2 Raf8 19. Ng6 Nxe4 20. Qg2 Rxf1+
21. Rxf1 Rxf1+ 22. Qxf1 Nf6 23. Qg2 Nf5 24. Bd2 Kh7 25. g4 Nd4 26. Nh4 Nxc2 27.
g5 hxg5 28. Bxg5 Qxd3 29. Nf3 Qd2 30. Ng1 Qd5 31. Nf3 Nd4 32. Bxf6 gxf6 33.
Qh3+ Kg7 34. Qg4+ Kf8 0-1

[Event "10eme Open International de La Fere"]
[Site "La Fere (FRA)"]
[Date "2011.07.05"]
[Round "5.11"]
[White "Dumas, Victor"]
[Black "Bardoux, Thierry"]
[Result "0-1"]
[WhiteElo "1929"]
[BlackElo "2154"]
[PlyCount "56"]
[EventDate "2011.??.??"]

1. e4 c5 2. d4 e6 3. Nf3 cxd4 4. c3 Nf6 5. e5 Nd5 6. cxd4 b6 7. Nc3 Bb7 8. Bd2
Be7 9. Bd3 O-O 10. O-O h6 11. Rc1 d6 12. Re1 Nd7 13. Bb1 Re8 14. Qe2 dxe5 15.
Nxe5 Nxc3 16. Rxc3 Nxe5 17. dxe5 Bg5 18. Rd3 Bd5 19. Bxg5 Qxg5 20. Rg3 Qh4 21.
Rg4 Qe7 22. Qd2 Kh8 23. Re3 Rad8 24. Rxg7 Be4 25. Bxe4 Rxd2 26. Rh7+ Kg8 27.
Rg3+ Qg5 28. f4 Qxg3 0-1

[Event "10eme Open International de La Fere"]
[Site "La Fere (FRA)"]
[Date "2011.07.05"]
[Round "5.12"]
[White "Loiret, Stanislas"]
[Black "Rigolot, Lucie"]
[Result "1-0"]
[WhiteElo "2267"]
[BlackElo "1946"]
[PlyCount "105"]
[EventDate "2011.??.??"]

1. c4 e5 2. g3 Nf6 3. Bg2 Nc6 4. Nc3 Bc5 5. a3 a6 6. e3 d6 7. Nge2 Ba7 8. O-O
O-O 9. h3 Be6 10. Nd5 Nd7 11. d4 Rb8 12. dxe5 Ncxe5 13. b3 Nc5 14. Bb2 Qd7 15.
Nd4 Bf5 16. g4 Be6 17. Nxe6 Qxe6 18. Nf4 Qc8 19. Bd4 Ra8 20. Nd5 Re8 21. Rb1
Ne6 22. Bxa7 Rxa7 23. f4 Nd7 24. f5 Nec5 25. b4 Ne4 26. Bxe4 Rxe4 27. Qd4 Rxd4
28. Ne7+ Kf8 29. Nxc8 Ra8 30. exd4 Rxc8 31. Rfe1 Nb6 32. c5 Nc4 33. Rb3 d5 34.
Re2 b6 35. Kf2 b5 36. g5 f6 37. h4 c6 38. Rb1 Kf7 39. Rbe1 Rc7 40. Kg3 a5 41.
bxa5 Nxa5 42. Kg4 Nb3 43. Rd1 Ra7 44. Re3 Na5 45. Kh5 Re7 46. g6+ hxg6+ 47.
fxg6+ Ke8 48. Rde1 Rxe3 49. Rxe3+ Kd7 50. Kg4 Nc4 51. Re2 Nxa3 52. h5 b4 53. h6
1-0

[Event "10eme Open International de La Fere"]
[Site "La Fere (FRA)"]
[Date "2011.07.05"]
[Round "5.13"]
[White "Llaneza Vega, Patricia"]
[Black "Poulain, Andre"]
[Result "1-0"]
[WhiteElo "2246"]
[BlackElo "1804"]
[PlyCount "54"]
[EventDate "2011.??.??"]

1. e4 c5 2. Nf3 d6 3. d4 cxd4 4. Nxd4 Nf6 5. Nc3 a6 6. Be3 e5 7. Nb3 Be6 8. f3
Be7 9. Qd2 Nbd7 10. g4 h6 11. O-O-O b5 12. Qf2 Rb8 13. h4 Nb6 14. g5 hxg5 15.
hxg5 Rxh1 16. gxf6 Rxf1 17. Rxf1 Bxf6 18. Rh1 Ke7 19. f4 Nc4 20. fxe5 Nxe5 21.
Nd4 Qc7 22. Nf5+ Kd7 23. Rd1 Nc4 24. Bc5 Bg5+ 25. Kb1 Nd2+ 26. Rxd2 Bxd2 27.
Bxd6 Bxa2+ 1-0

[Event "10eme Open International de La Fere"]
[Site "La Fere (FRA)"]
[Date "2011.07.05"]
[Round "5.14"]
[White "Galtier, Antoine"]
[Black "Henris, Luc"]
[Result "0-1"]
[WhiteElo "1757"]
[BlackElo "2189"]
[PlyCount "100"]
[EventDate "2011.??.??"]

1. d4 d5 2. Nf3 Nc6 3. e3 Bg4 4. Be2 Nf6 5. O-O e6 6. Nbd2 Bd6 7. b3 e5 8. dxe5
Nxe5 9. Bb2 Nxf3+ 10. Nxf3 c6 11. Nd4 Bd7 12. c4 O-O 13. cxd5 Nxd5 14. Nf3 Qe7
15. Qd4 f6 16. Bc4 Be6 17. Qe4 f5 18. Qh4 Qxh4 19. Nxh4 Rad8 20. Rfd1 g6 21.
Rd3 b5 22. Bxd5 Bxd5 23. Rad1 Be7 24. Nf3 Bxf3 25. Rxd8 Rxd8 26. Rxd8+ Bxd8 27.
gxf3 Kf7 28. e4 Ke6 29. Kf1 Bf6 30. Bc1 Bd4 31. Ke2 Ke5 32. exf5 Kxf5 33. Bd2
Ke5 34. Bc1 c5 35. Bd2 Kd5 36. f4 c4 37. bxc4+ bxc4 38. Be3 Ke4 39. f3+ Kd5 40.
Bc1 Ke6 41. Kd2 Kf5 42. Ke2 Bg1 43. Kd2 Bxh2 44. Kc3 Bxf4 45. Ba3 Be5+ 46. Kxc4
Kf4 47. Bc5 a6 48. a4 Kxf3 49. Kd5 Bg3 50. a5 h5 0-1

[Event "10eme Open International de La Fere"]
[Site "La Fere (FRA)"]
[Date "2011.07.05"]
[Round "5.15"]
[White "Durot, Edwige"]
[Black "Thomas, Olivier"]
[Result "0-1"]
[WhiteElo "1693"]
[BlackElo "2035"]
[PlyCount "94"]
[EventDate "2011.??.??"]

1. e4 c5 2. Nf3 e6 3. d4 cxd4 4. Nxd4 Nf6 5. Bd3 a6 6. Nc3 d6 7. O-O Be7 8. Be3
O-O 9. Kh1 Nbd7 10. Qe2 Qc7 11. f4 b5 12. a3 Bb7 13. Nb3 Nc5 14. Nxc5 dxc5 15.
e5 c4 16. Bxc4 Qxc4 17. Qxc4 bxc4 18. exf6 Bxf6 19. Nd1 Rfd8 20. Rc1 Bd5 21. c3
Bc6 22. Nf2 Rab8 23. Rc2 h5 24. Kg1 Rd7 25. Re2 g6 26. Rd1 Rbd8 27. Rxd7 Rxd7
28. Rd2 Rxd2 29. Bxd2 Kf8 30. Nd1 Ke7 31. Ne3 Bd5 32. Kf2 Kd6 33. h3 e5 34.
fxe5+ Kxe5 35. Nxd5 Kxd5 36. Kf3 Be5 37. Be3 f5 38. Bg5 Kc5 39. a4 Bc7 40. Be3+
Kd5 41. g4 hxg4+ 42. hxg4 fxg4+ 43. Kxg4 Ke4 44. Bc5 Bf4 45. Be7 Bc1 46. Ba3
Kd3 47. Kf3 Kc2 0-1

[Event "10eme Open International de La Fere"]
[Site "La Fere (FRA)"]
[Date "2011.07.05"]
[Round "5.16"]
[White "Feryn, Benjamin"]
[Black "Paillard, Maximilien"]
[Result "1-0"]
[WhiteElo "2032"]
[BlackElo "1703"]
[PlyCount "49"]
[EventDate "2011.??.??"]

1. e4 Nc6 2. Nc3 e5 3. Bc4 Nf6 4. d3 Na5 5. Bb3 Nxb3 6. axb3 d6 7. f4 c6 8. Nf3
Qc7 9. O-O Be7 10. Qe1 Be6 11. Kh1 a6 12. fxe5 dxe5 13. Qg3 Nd7 14. d4 Bf6 15.
dxe5 Bxe5 16. Nxe5 Nxe5 17. Qxg7 Ng6 18. Bf4 Qe7 19. Rad1 f6 20. Qxe7+ Kxe7 21.
Bd6+ Kf7 22. e5 f5 23. Ne4 h6 24. Ng3 Nh4 25. Rd4 1-0

[Event "10eme Open International de La Fere"]
[Site "La Fere (FRA)"]
[Date "2011.07.05"]
[Round "5.17"]
[White "Mataigne, Jean-Michel"]
[Black "Roux, Jean-Francois"]
[Result "1/2-1/2"]
[WhiteElo "2017"]
[BlackElo "1682"]
[PlyCount "56"]
[EventDate "2011.??.??"]

1. e4 c5 2. c3 d5 3. exd5 Qxd5 4. d4 Nf6 5. Nf3 Bg4 6. dxc5 Qxd1+ 7. Kxd1 e5 8.
b4 Bxf3+ 9. gxf3 g6 10. Nd2 Bg7 11. Bc4 O-O 12. Ne4 Rd8+ 13. Kc2 Nxe4 14. fxe4
Nc6 15. Bg5 Rd7 16. Rhd1 Rc7 17. Rd2 Rac8 18. Rad1 b6 19. Rd7 bxc5 20. b5 Nd4+
21. cxd4 Rxd7 22. d5 h6 23. Be3 Kh7 24. a4 Bf8 25. a5 Rb8 26. Rb1 Rdb7 27. Bd2
Bd6 28. Kb3 Rxb5+ 1/2-1/2

[Event "10eme Open International de La Fere"]
[Site "La Fere (FRA)"]
[Date "2011.07.05"]
[Round "5.18"]
[White "Pingue, Renaud"]
[Black "Caloone, Thomas"]
[Result "1/2-1/2"]
[WhiteElo "1989"]
[BlackElo "1640"]
[PlyCount "102"]
[EventDate "2011.??.??"]

1. e4 e6 2. d4 d5 3. Nc3 dxe4 4. Nxe4 Nd7 5. Nf3 Ngf6 6. Bd3 Be7 7. Qe2 Nxe4 8.
Bxe4 Nf6 9. Bd3 Bd7 10. O-O Bc6 11. Rd1 O-O 12. Ne5 Qd5 13. Nxc6 Qxc6 14. c4
Rad8 15. d5 Qd7 16. dxe6 Qxe6 17. Qxe6 fxe6 18. Bg5 Bc5 19. Bh4 Rd6 20. Bg3 Rd7
21. Rab1 Rfd8 22. Bc2 Rxd1+ 23. Rxd1 Rxd1+ 24. Bxd1 c6 25. Bc2 h6 26. Kf1 Bd4
27. b3 e5 28. f3 g5 29. Be1 b6 30. Ke2 Nd7 31. Be4 c5 32. Bf5 Nb8 33. Kd3 Nc6
34. h4 Kf7 35. hxg5 hxg5 36. Ke4 Ne7 37. Bd2 Kf6 38. Bd7 Bb2 39. Be8 Ba1 40. g3
Bd4 41. f4 gxf4 42. gxf4 Ke6 43. Bb5 Bg1 44. Ba6 Bh2 45. fxe5 Bxe5 46. Bg5 Bd6
47. Bb5 Bc7 48. Bxe7 Kxe7 49. Kd5 Kd8 50. Kc6 Kc8 51. Ba6+ Kb8 1/2-1/2